Giáo trình lý thuyết tiền tệ
Sách gồm 10 chương và đều được cập nhật hóa, sát thực với công việc và trang bị kiến thức và kỹ năng cần thiết cho nhân viên và cán bộ quản lý ngân hàng.
保存先:
| 第一著者: | |
|---|---|
| フォーマット: | 図書 |
| 言語: | Undetermined |
| 出版事項: |
Hà Nội
Thống kê
2008
|
| 主題: | |
| タグ: |
タグ追加
タグなし, このレコードへの初めてのタグを付けませんか!
|
| Thư viện lưu trữ: | Trung tâm Học liệu Trường Đại học Cần Thơ |
|---|
| LEADER | 00853nam a2200205Ia 4500 | ||
|---|---|---|---|
| 001 | CTU_150206 | ||
| 008 | 210402s9999 xx 000 0 und d | ||
| 020 | |c 28500 | ||
| 082 | |a 332.4 | ||
| 082 | |b K309 | ||
| 100 | |a Nguyễn, Minh Kiều | ||
| 245 | 0 | |a Giáo trình lý thuyết tiền tệ | |
| 245 | 0 | |c Nguyễn Minh Kiều | |
| 260 | |a Hà Nội | ||
| 260 | |b Thống kê | ||
| 260 | |c 2008 | ||
| 520 | |a Sách gồm 10 chương và đều được cập nhật hóa, sát thực với công việc và trang bị kiến thức và kỹ năng cần thiết cho nhân viên và cán bộ quản lý ngân hàng. | ||
| 650 | |a Budget,Finance,Money,Tiền tệ,Tín dụng,Tài chính | ||
| 904 | |i Trọng Hải | ||
| 980 | |a Trung tâm Học liệu Trường Đại học Cần Thơ | ||